书目信息 |
| 题名: |
呻吟的家园
|
|
| 作者: | 曲传宇 编著 | |
| 分册: | ||
| 出版信息: | 北京 海洋出版社 2007.01 |
|
| 页数: | 99页 | |
| 开本: | 23cm | |
| 丛书名: | 海洋灾害科普丛书 | |
| 单 册: | ||
| 中图分类: | X55-49 | |
| 科图分类: | ||
| 主题词: | 海洋污染--hai yang wu ran--普及读物 | |
| 电子资源: | ||
| ISBN: | 978-7-5027-6728-0 | |
| 000 | 00930nam 2200265 450 | |
| 001 | 012007856999 | |
| 005 | 20071228160506.60 | |
| 010 | @a978-7-5027-6728-0@dCNY15.00 | |
| 100 | @a20071228d2007 km y0chiy0120 ea | |
| 101 | 0 | @achi |
| 102 | @aCN@b110000 | |
| 105 | @aa z 000yy | |
| 106 | @ar | |
| 200 | 1 | @a呻吟的家园@Ashen yin de jia yuan@e海洋污染@f曲传宇编著@Fqu chuan yu bian zhu |
| 210 | @a北京@c海洋出版社@d2007.01 | |
| 215 | @a99页@c图@d23cm | |
| 225 | 2 | @a海洋灾害科普丛书@Ahai yang zai hai ke pu cong shu |
| 330 | @a海洋中含有丰富的资源。海洋生物资源、海水化学资源、海洋矿产资源、海洋能源以及海上航运交通皆对人类的生存发展和世界文明的振兴进步。 | |
| 410 | 0 | @12001 @a海洋灾害科普丛书 |
| 517 | 1 | @a海洋污染@Ahai yang wu ran |
| 606 | 0 | @a海洋污染@Ahai yang wu ran@j普及读物 |
| 690 | @aX55-49@v4 | |
| 701 | 0 | @a曲传宇@Aqu chuan yu@4编著 |
| 801 | 0 | @aCN@bQSSK@c20071228 |
| 905 | @b273919-21@dX55-49@eQ784@f3 | |
| 呻吟的家园:海洋污染/曲传宇编著.-北京:海洋出版社,2007.01 |
| 99页:图;23cm.-(海洋灾害科普丛书) |
| ISBN 978-7-5027-6728-0:CNY15.00 |
| 海洋中含有丰富的资源。海洋生物资源、海水化学资源、海洋矿产资源、海洋能源以及海上航运交通皆对人类的生存发展和世界文明的振兴进步。 |
| ● |
| 相关链接 |
|
|
|
正题名:呻吟的家园
索取号:X55-49/Q784
 
预约/预借
| 序号 | 登录号 | 条形码 | 馆藏地/架位号 | 状态 | 备注 |
| 1 | 273919 | 202739199 | 自科库501/501自科库 102排2列1层/ [索取号:X55-49/Q784] | 在馆 | |
| 2 | 273920 | 202739206 | 自科库501/501自科库 102排2列1层/ [索取号:X55-49/Q784] | 在馆 | |
| 3 | 273921 | 202739215 | 自科二线504/501自科库 102排2列1层/ [索取号:X55-49/Q784] | 在馆 |